| 000 | 00852nam a2200229 a 4500 | ||
|---|---|---|---|
| 001 | BRCA_473 | ||
| 005 | 20190320203026.0 | ||
| 008 | 861125s1987 caua---##b---l000-0#eng-# | ||
| 020 | _a0875871364 | ||
| 040 |
_aDLC _cDLC _dDLC |
||
| 050 | 4 |
_aNK5004.J3 _b.K89 1987 |
|
| 100 | 1 |
_aKuwayama, George _91341 |
|
| 245 | 1 | 0 |
_aShippo _bthe art of enameling in Japan _cGeorge Kuwayama. |
| 260 |
_aLos Ángeles _bFar Eastern Art Council of the Los Angeles County Museum of Art _c1987 |
||
| 300 |
_a56 p. _bil. (algunas a color) _c27 cm. |
||
| 500 | _aIncluye glosario | ||
| 500 | _aCatálogo de la exposición realizada en Los Angeles Country Museum of Art, 5 febrero - 26 abril 1987 | ||
| 504 | _aBibliografía: p. 29-31 | ||
| 650 | 1 | 4 |
_aEsmaltes _xExposiciones _zJapón _91628 |
| 650 | 1 | 4 |
_aEsmaltes japoneses _xExposiciones _ySiglo XVII-XVIII _91629 |
| 942 |
_2lcc _cB |
||
| 999 |
_c408 _d408 |
||